Monitoring of laboratory infrastructure

Enregistré dans:
Détails bibliographiques
Auteur principal: Andrejčák, Daniel (Auteur)
Autres auteurs: Janeba, Matej (Directeur de thèse)
Format: Manuscrit Livre
Langue:slovaque
anglais
Publié: 2025
Sujets:
Accès en ligne:http://is.stuba.sk/zp/portal_zp.pl?podrobnosti=175219
Tags: Ajouter un tag
Pas de tags, Soyez le premier à ajouter un tag!

MARC

LEADER 00000ntm a22000003a 4500
001 stuzp102853
003 SK-STU
005 20250614211605.7
007 ta
008 150427s2015----xo-----f-mn---000-0-slo-d
040 |a STU  |b slo 
041 0 |a eng 
100 1 |a Andrejčák, Daniel  |u 070400  |4 aut  |U FIIT Fakulta informatiky a informačných technológií  |T FIIT Ústav počítačového inžinierstva a aplikovanej informatiky  |X 120746  |U I400  |Y 672  |7 120746 
242 0 1 |a Monitorovanie laboratórnej infraštruktúry  |y slo 
245 1 0 |a Monitoring of laboratory infrastructure 
260 |c 2025 
650 4 |a Elasticsearch  |2 eng 
650 4 |a Observability  |2 eng 
650 4 |a Infrastructure monitoring  |2 eng 
650 4 |a ELK Stack  |2 eng 
650 4 |a Monitorovanie infraštruktúry  |2 slo 
650 4 |a Zber logov a metrík  |2 slo 
650 4 |a ELK Stack  |2 slo 
650 4 |a Elasticsearch  |2 slo 
700 1 |a Janeba, Matej  |u 070400  |k Z3  |4 ths  |U FIIT Fakulta informatiky a informačných technológií  |T FIIT Ústav počítačového inžinierstva a aplikovanej informatiky  |X 79962  |U I400  |Y 672  |7 79962 
856 4 |u http://is.stuba.sk/zp/portal_zp.pl?podrobnosti=175219